Constitution and by-laws and manual of procedure /

Bibliographic Details
Corporate Author: Veterans of Foreign Wars of the United States
Format: Journal
Language:English
Published: Kansas City, MO : The Veterans.
Subjects:

MARC

Tag First Indicator Second Indicator Subfields
LEADER 00000cas a2200000Ka 4500
001 in00001591613
005 20151022133219.0
008 980305c19uu9999ksuuu p 0 0eng d
035 |a (OCoLC)ocm38555183 
040 |a WIH  |c WIH  |d OCL  |d TXA  |d UtOrBLW 
043 |a n-us--- 
049 |a TXAM 
090 |a E181  |b .V4 
245 0 0 |a Constitution and by-laws and manual of procedure /  |c Veterans of Foreign Wars of the United States. 
246 1 4 |a Constitution and by-laws and manual of procedure and ritual 
264 1 |a Kansas City, MO :  |b The Veterans. 
300 |a volumes :  |b illustrations ;  |c 23 cm. 
336 |a text  |b txt  |2 rdacontent 
337 |a unmediated  |b n  |2 rdamedia 
338 |a volume  |b nc  |2 rdacarrier 
500 |a Description based on: 1978. 
515 |a Report for <, 1978-> called: Podium edition. 
536 |a Cushing Library Ragan Military copy donated in memory of Robert L. Acklen, Jr., class of '63. 
610 2 0 |a Veterans of Foreign Wars of the United States  |x Constitution  |v Periodicals. 
650 0 |a Veterans  |z United States  |v Periodicals. 
710 2 |a Veterans of Foreign Wars of the United States. 
994 |a E0  |b TXA 
948 |a cataloged  |b h  |c 2001/1/25  |d c  |e mzajicek  |f 2:30:42 pm 
999 |a MARS 
999 f f |s 6d0e52a1-4a77-37a3-be5b-3075c5e2ce45  |i 0f3b0f38-78fd-39e1-9b02-2742fe378973  |t 0 
952 f f |p noncirc  |a Texas A&M University  |b College Station  |c Cushing Memorial Library & Archives  |d Cushing: Ragan Military (Does not check out)  |t 0  |e E181 .V4  |h Library of Congress classification  |i unmediated -- volume 
998 f f |a E181 .V4  |s 1979  |t 0  |l Cushing: Ragan Military (Does not check out)